Scottish housing grants get more funding (Record no. 117288)
[ view plain ]
| 000 -LEADER | |
|---|---|
| fixed length control field | 00993cam a2200229 4500 |
| 001 - CONTROL NUMBER | |
| control field | WB4017-07 |
| 008 - FIXED-LENGTH DATA ELEMENTS--GENERAL INFORMATION | |
| fixed length control field | 040505n2004 000 0 eng u |
| 035 ## - SYSTEM CONTROL NUMBER | |
| System control number | (Sirsi) u126093 |
| 245 ## - TITLE STATEMENT | |
| Title | Scottish housing grants get more funding |
| 260 ## - PUBLICATION, DISTRIBUTION, ETC. | |
| Date of publication, distribution, etc. | 2004 |
| 490 ## - SERIES STATEMENT | |
| Series statement | Scottish Executive News Release |
| Volume/sequential designation | (SENW4896/2004) 29 April 2004 (3) |
| 520 ## - SUMMARY, ETC. | |
| Summary, etc. | Funding for Private Sector Housing Grants paid to local authorities will total over £140m in the next two years, an increase of over 40% since 2003. These grants will benefit homeowners and tenants in private rented accomodation, with funding for essential improvements and repairs. Families in poor living conditions will be especially targeted. http://www.scotland.gov.uk/pages/news/2004/04/SENW 4896.aspx |
| 590 ## - LOCAL NOTE (RLIN) | |
| Local note | WB |
| 590 ## - LOCAL NOTE (RLIN) | |
| Local note | WB |
| 650 ## - SUBJECT ADDED ENTRY--TOPICAL TERM | |
| Topical term or geographic name entry element | HOUSING GRANTS |
| 650 ## - SUBJECT ADDED ENTRY--TOPICAL TERM | |
| Topical term or geographic name entry element | SCOTLAND |
| 650 ## - SUBJECT ADDED ENTRY--TOPICAL TERM | |
| Topical term or geographic name entry element | PRIVATE SECTOR HOUSING |
| 650 ## - SUBJECT ADDED ENTRY--TOPICAL TERM | |
| Topical term or geographic name entry element | HOUSING REPAIRS |
| 650 ## - SUBJECT ADDED ENTRY--TOPICAL TERM | |
| Topical term or geographic name entry element | SUBSTANDARD HOUSING |
| 690 ## - LOCAL SUBJECT ADDED ENTRY--TOPICAL TERM (OCLC, RLIN) | |
| Topical term or geographic name as entry element | HOUSING |
| 942 ## - ADDED ENTRY ELEMENTS (KOHA) | |
| Suppress in OPAC | 0 |
| Withdrawn status | Lost status | Source of classification or shelving scheme | Damaged status | Not for loan | Home library | Current library | Shelving location | Date acquired | Total Checkouts | Full call number | Barcode | Date last seen | Copy number | Price effective from | Koha item type |
|---|---|---|---|---|---|---|---|---|---|---|---|---|---|---|---|
| Dewey Decimal Classification | London | London | News article | 05/05/2004 | WB4017-07 | 126093-1001 | 06/08/2019 | 1 | 06/08/2019 | News article |